header

Redefining security in the Middle East (Record no. 32172)

MARC details
000 -LEADER
fixed length control field 01440nam a2200349Ia 4500
082 04 - DEWEY DECIMAL CLASSIFICATION NUMBER
Classification number 355.033056
245 00 - TITLE STATEMENT
Title Redefining security in the Middle East
260 ## - PUBLICATION, DISTRIBUTION, ETC. (IMPRINT)
Place of publication Manchester :
Name of publisher Manchester University Press,
Year of publication c2002.
300 ## - PHYSICAL DESCRIPTION
Number of Pages xii, 176 p.
490 1# - SERIES STATEMENT
Series statement New approaches to conflict analysis
500 ## - GENERAL NOTE
General note Based on a conference at McGill University 23-24 June 2000.
650 #0 - SUBJECT ADDED ENTRY--TOPICAL TERM
Topical Term National security
700 1# - ADDED ENTRY--PERSONAL NAME
Personal name Jacoby, Tami Amanda.
Personal name Sasley, Brent E.
856 40 - ELECTRONIC LOCATION AND ACCESS
Uniform Resource Identifier http://site.ebrary.com/lib/rucke/Doc?id=10071291

No items available.

© 2026 Rongo University
Contact us: librarian | system librarian | Rongo university